000
00272nam a22001217a 4500
082
_a
823
_b
NAY/R
100
_a
NAYLOR, PHYLLIS REYNOLDS
245
_a
RELUCTANTLY ALICE
260
_a
NEW YORK
_b
YEARLING
_c
1991
300
_a
182
650
_a
NOVEL
_z
UNITED STATES
942
_c
BK
999
_c
3592
_d
3592